| 000 | 00857nam a2200229 a 4500 | ||
|---|---|---|---|
| 001 | 000036646 | ||
| 005 | 20200930075841.0 | ||
| 008 | 120123s1985 xxua e 001 0 eng d | ||
| 020 | _a0852294239 | ||
| 040 |
_aDO-SdBNP _bspa _cBNPHU |
||
| 082 |
_aR 032 _bN532e, 1985 |
||
| 245 | 0 | 4 | _aThe new encyclopaedia Britannica. |
| 246 | 3 | 2 | _aEncyclopaedia Britannica |
| 246 | 1 | 8 | _aBritannica |
| 250 | _a15. ed. | ||
| 260 |
_aChicago : _bEnciclopaedia Britannica, _c1985. |
||
| 300 |
_a44v. : _bil. ; _c30 cm. |
||
| 504 | _aIncluye bibliografía | ||
| 505 | 0 |
_gv. 1 Pr - Propaedia: outline of knowledge and guide to the Britannica -- _g(v. 1 -- A-K; v. 2 --L-Z) Index -- _gv. 1-12. Micropaedia: ready reference -- _gv. 13-29. Macropaedia: knowledge in depth. |
|
| 650 | 4 |
_aEnciclopedias y diccionarios ingleses _912399 |
|
| 910 | _aValidado. Control de calidad MFF | ||
| 999 |
_c36137 _d36137 |
||